Countries with capitals with the same name - Statistics

General Stats
  • This quiz has been taken 3,899 times
    3,884 since last reset
  • The average score is 6 of 13
Answer Stats
Country Capital % Correct
Mexico Mexico City
75%
Luxembourg Luxembourg
63%
Monaco Monaco
60%
Panama Panama City
60%
Vatican City Vatican City
60%
San Marino San Marino
54%
Andorra Andorra la Vella
52%
Guatemala Guatemala City
48%
Singapore Singapore
47%
Djibouti Djibouti
43%
Kuwait Kuwait City
43%
São Tomé & Principe São Tomé
21%
Guinea Bissau Bissau
14%
No matching quizzes found
Score Distribution
Percent of People with Each Score
Percentile by Number Answered
Your Score History
You have not taken this quiz since the last reset